000 00701cam a22001934a 4500
005 20250605164355.0
008 250528s ||||||||||||||||||||||||d
035 _a24303
040 _aGR-AtMCL
_bgre
_dGR-AtMCL
_eAACR2
245 1 _aEarly Education Journal / Children's Learning
260 _c2021
300 _a15
520 _aEditorial, Progression in the Early Years, Every Child?, Case Studies: Characteristics of Effective Learning from Birth to 5 Matters, Have Observations Become Confused with Recording?.
700 1 _aMerrick Beatrice
_99448
942 _cCR
710 2 _aThe British Association For Early Childhood Education
_99826
999 _c9193
_d9193